| 000 | 00549nam a22002057a 4500 | ||
|---|---|---|---|
| 003 | OSt | ||
| 005 | 20150424140313.0 | ||
| 008 | 150424b xxu||||| |||| 00| 0 eng d | ||
| 020 | _a9788122431933 | ||
| 040 | _cDDC | ||
| 082 |
_222nd ed. _a546 KUM 2012 |
||
| 100 |
_aKumar, Chakrabarty Dipak _94093 |
||
| 245 | _aInorganic chemistry | ||
| 250 | _a2nd rev. ed. | ||
| 260 |
_aNew Delhi; _bNew Age, _c2012 |
||
| 300 |
_axviii,456p; _bill: _c24cm |
||
| 504 | _aAppendices & index included | ||
| 650 |
_aInorganic chemistry _9799 |
||
| 942 |
_2ddc _cO_SHELF |
||
| 999 |
_c1552 _d1552 |
||